Φιλοσοφία και περιβάλλον : η δημιουργία συνείδησης ως μέσο ανάπτυξης αρετής, για τη διάσωση του ανθρώπου και του περιβάλλοντος

Saved in:
Bibliographic Details
Main Author: Κομπατσιάρης, Γιάννης
Corporate Author: Πανεπιστήμιο Αιγαίου. Σχολή Περιβάλλοντος. Τμήμα Περιβάλλοντος
Other Authors: Χατζόπουλος, Ιωάννης Ν. (Thesis advisor)
Format: Thesis Book
Language:Greek
Published: 2009
Subjects:
Online Access:http://hdl.handle.net/11610/10565
Tags: Add Tag
No Tags, Be the first to tag this record!

MARC

LEADER 00000cam a2200000 i 4500
001 1/1736
008 090925s2009 gre d
035 |l 10105715 
040 |a GR-MY-UA  |b gre  |e aacr 
041 0 |a gre 
082 0 |a 179.1  |2 (22) 
100 1 |a Κομπατσιάρης, Γιάννης. 
245 1 0 |a Φιλοσοφία και περιβάλλον :  |b η δημιουργία συνείδησης ως μέσο ανάπτυξης αρετής, για τη διάσωση του ανθρώπου και του περιβάλλοντος /  |c συγγραφή: Γιάννης Κομπατσιάρης ; επιβλέπων καθηγητής: Ιωάννης Χατζόπουλος 
260 |c 2009 
300 |a σ.;  |c 30 εκ. 
502 |a Πτυχιακή εργασία – Πανεπιστήμιο Αιγαίου, Λέσβος, 2009. 
504 |a Περιέχει βιβλιογραφία 
650 0 0 |a Ethics  |x Philosophy. 
650 0 0 |a Environmental ethics. 
650 0 0 |a Environmental education. 
650 0 0 |a Dissertations, Academic  |z Greece. 
700 1 |a Χατζόπουλος, Ιωάννης Ν.  |4 ths 
710 2 |a Πανεπιστήμιο Αιγαίου.   |b Σχολή Περιβάλλοντος.   |b Τμήμα Περιβάλλοντος. 
852 |a INST  |b LESVOS  |c DIATR  |e 20090925  |h 1213  |p 005100046441  |q 005100046441  |t DIE  |y 23 
852 |a INST  |b LESVOS  |c DIATR  |e 20090925  |h 1214  |p 005100046440  |q 005100046440  |t DIE  |y 23 
856 |u http://hdl.handle.net/11610/10565 
901 |a BIBL1-2009-3 
909 |a Λ  |b 159053 
909 |a Λ  |b 159054 
924 |a ΚΟΜΠΑΤΣΙΑΡΗΣ  |b ΓΙΑΝΝΗΣ  |y ΛΕΣΒΟΣ  |z 2009-03 
970 |a ΤΖΑΦΕΡΗ  |b ΕΥΑΓΓΕΛΙΑ  |z 2009/09/25